| 000 | 00687nam a2200217Ia 4500 | ||
|---|---|---|---|
| 003 | OSt | ||
| 005 | 20240806121312.0 | ||
| 008 | 210210b2004 xxu||||| |||| 00| 0 eng d | ||
| 040 |
_aAL _c |
||
| 041 | _aKonkani | ||
| 082 | _a891.46301 DISB | ||
| 100 |
_a DSOUZA (J F), _930836 _dಜೆ ಎಫ್ ಡಿಸೋಜಾ |
||
| 245 |
_aBhangarachi masli ani her kanyo _b ಭಾಂಗಾರಾಚಿ ಮಾಸ್ಲಿ ಅನಿಂ ಹೆರ್ ಕಾಣಿಯೊ |
||
| 260 |
_aManglur _bJyothi Prakashan _c2004 |
||
| 300 | _a162 | ||
| 650 |
_aDISOJA (J F) _9175341 |
||
| 650 | _2Bhurgyam khatir vinchnar kanyo | ||
| 690 |
_aKonkani Fiction _930837 |
||
| 906 | _a059695 | ||
| 942 |
_2ddc _cBK |
||
| 999 |
_c106736 _d106736 |
||